Operations and maintenance manual for energy management (Record no. 570844)
[ view plain ]
| 000 -LEADER | |
|---|---|
| fixed length control field | 00700nam a22001817a 4500 |
| 003 - CONTROL NUMBER IDENTIFIER | |
| control field | CEME |
| 005 - DATE AND TIME OF LATEST TRANSACTION | |
| control field | 20210628202735.0 |
| 008 - FIXED-LENGTH DATA ELEMENTS--GENERAL INFORMATION | |
| fixed length control field | 210115b xxu||||| |||| 00| 0 eng d |
| 020 ## - INTERNATIONAL STANDARD BOOK NUMBER | |
| International Standard Book Number | 0-7656-0050-1 |
| 040 ## - CATALOGING SOURCE | |
| Transcribing agency | ceme |
| 082 ## - DEWEY DECIMAL CLASSIFICATION NUMBER | |
| Classification number | 658.2 PIP |
| 100 ## - MAIN ENTRY--PERSONAL NAME | |
| Personal name | Piper, James E |
| 9 (RLIN) | 61365 |
| 245 ## - TITLE STATEMENT | |
| Title | Operations and maintenance manual for energy management |
| 260 ## - PUBLICATION, DISTRIBUTION, ETC. | |
| Place of publication, distribution, etc. | USA |
| Name of publisher, distributor, etc. | SHARPE PROFESSIONAL |
| Date of publication, distribution, etc. | 1999 |
| 300 ## - PHYSICAL DESCRIPTION | |
| Extent | XXIII,344 P |
| 650 ## - SUBJECT ADDED ENTRY--TOPICAL TERM | |
| Topical term or geographic name entry element | BUILDINGS-ENERGY CONSERVATION -HANDBOOK MANUALS ETC.BUILDINGS- ENERGY CONSUMPTION-HANDBOOKS MANUALS ETC. BUILDINGS-MECHANICAL EQUIPMENT- MAINTENANCE AND REPAIR-HANDBOOKS MANUALS ETC.OPERATIONS AND MAINTENANCE MANUAL.ENERGY MANAGEMENT |
| 9 (RLIN) | 61366 |
| 942 ## - ADDED ENTRY ELEMENTS (KOHA) | |
| Koha item type | Book |
| Source of classification or shelving scheme | |
| Withdrawn status | Lost status | Damaged status | Not for loan | Permanent Location | Current Location | Shelving location | Date acquired | Total Checkouts | Full call number | Barcode | Date last seen | Price effective from | Koha item type |
|---|---|---|---|---|---|---|---|---|---|---|---|---|---|
| College of Electrical & Mechanical Engineering (CEME) | College of Electrical & Mechanical Engineering (CEME) | General Stacks | 07/20/2017 | 658.2 PIP | CEME-44469 | 06/28/2021 | 06/28/2021 | Book |
